000
00250nam a22000977a 4500
999
_c
11319
_d
11319
008
190219b ||||| |||| 00| 0 eng d
020
_a
9780736050639
100
_a
Garland Jim
_9
7060
245
_a
Youth Soccer Drills
260
_a
USA
_b
Human Kinetics
_c
2003